| 000 | 00665nam a22001697a 4500 | ||
|---|---|---|---|
| 003 | OSt | ||
| 005 | 20251120114948.0 | ||
| 008 | 251120b |||||||| |||| 00| 0 eng d | ||
| 040 |
_aDWC-Main lib. _cOC |
||
| 082 | _aFil. 378.794 P552 | ||
| 110 | _aPhilippine Commission on Higher Education. | ||
| 245 |
_aCHED memoranda and orders : _ba compilation (May 1999-February 2002), volume III/ _cPhilippine Commission on Higher Education. |
||
| 260 |
_aManila : _bPACU, _cc2002. |
||
| 300 |
_a834 p. : _c27 cm. |
||
| 650 | _a1. Education--Law and legislation--Philippines. I. Philippine Association of Colleges and Universities. | ||
| 942 |
_2ddc _cBK - FIL _hFil. _n0 |
||
| 999 |
_c5865 _d5865 |
||